[Event "Piestany Slovakia op-A"]
[Site "Piestany"]
[Date "2025.07.16"]
[Round "9"]
[White "Mikrut, Dariusz"]
[Black "Nayak, Rajesh"]
[Result "1-0"]
[WhiteElo "2309"]
[BlackElo "2227"]
[PlyCount "101"]
[EventDate "2025.07.08"]
[EventType "swiss"]
[EventRounds "9"]
[EventCountry "SVK"]
[SourceTitle "CB29_2025"]
[SourceDate "2025.07.16"]
[SourceVersion "1"]
[SourceVersionDate "2025.07.16"]
[SourceQuality "1"]

1. e4 c5 2. Nf3 d6 3. d4 cxd4 4. Nxd4 Nf6 5. Nc3 g6 6. Be3 Bg7 7. f3 0-0 8. Qd2 Nc6 9. 0-0-0 d5 10. exd5 Nxd5 11. Nxc6 bxc6 12. Bd4 e5 13. Bc5 Re8 14. Ne4 Qc7 15. g4 Be6 16. h4 h6 17. g5 h5 18. Bc4 Red8 19. Bb3 a5 20. a4 Rab8 21. Qf2 Kh8 22. Rd3 Rb7 23. Rhd1 Qb8 24. Qd2 Rg8 25. Qxa5 Nc7 26. Bd6 Bd5 27. Bxd5 cxd5 28. Rxd5 Rc8 29. Rb5 Rxb5 30. axb5 Qb7 31. Bxc7 Rxc7 32. c3 Kh7 33. Rd8 Rc4 34. Qa8 Qxb5 35. Qd5 Qxd5 36. Rxd5 Rc8 37. b4 Kg8 38. Kb2 Kf8 39. Rd7 Ke8 40. Ra7 Rd8 41. Kc2 Rd7 42. Ra8+ Ke7 43. Rg8 Bf8 44. Nf6 Rd8 45. Nh7 f5 46. gxf6+ Kf7 47. Rxf8+ Rxf8 48. Nxf8 g5 49. Nh7 gxh4 50. Ng5+ Kxf6 51. Nh3 1-0

[Event "Piestany Slovakia op-A"]
[Site "Piestany"]
[Date "2025.07.12"]
[Round "5"]
[White "Nayak, Rajesh"]
[Black "Ugorek, Kacper"]
[Result "1-0"]
[WhiteElo "2227"]
[BlackElo "2177"]
[PlyCount "95"]
[EventDate "2025.07.08"]
[EventType "swiss"]
[EventRounds "9"]
[EventCountry "SVK"]
[SourceTitle "CB29_2025"]
[SourceDate "2025.07.16"]
[SourceVersion "1"]
[SourceVersionDate "2025.07.16"]
[SourceQuality "1"]

1. e4 c5 2. Nc3 Nc6 3. Nf3 d6 4. d4 cxd4 5. Nxd4 Nf6 6. Bg5 e6 7. Qd3 a6 8. Nxc6 bxc6 9. 0-0-0 Qa5 10. Qg3 Be7 11. h4 Bd7 12. Bc4 Qb4 13. Bb3 Qb8 14. h5 e5 15. h6 g6 16. f4 Ng4 17. Bxe7 Kxe7 18. Rhf1 Rf8 19. f5 gxf5 20. exf5 Rg8 21. Qh4+ f6 22. Bxg8 Qxg8 23. Rd3 Qc4 24. b3 Qb4 25. Kb2 Rg8 26. Rfd1 Bxf5 27. Rxd6 Qxd6 28. Rxd6 Kxd6 29. Qe1 Rg6 30. Qf1 Nxh6 31. Qxa6 Rxg2 32. Nb5+ Kc5 33. Qa7+ Kd5 34. Nc7+ Ke4 35. Ne8 Kf3 36. Nxf6 Rxc2+ 37. Ka3 e4 38. Qg7 Rh2 39. Qg1 Rg2 40. Qf1+ Rf2 41. Qh1+ Rg2 42. Qxh6 e3 43. Nh5 Rg4 44. Qf6 Ke4 45. Qxc6+ Ke5 46. Qc5+ Ke4 47. Nf6+ Kf4 48. Nd5+ 1-0

[Event "Piestany Slovakia op-A"]
[Site "Piestany"]
[Date "2025.07.09"]
[Round "2"]
[White "Nayak, Rajesh"]
[Black "Korobov, Anton"]
[Result "1/2-1/2"]
[WhiteElo "2227"]
[BlackElo "2631"]
[PlyCount "40"]
[EventDate "2025.07.08"]
[EventType "swiss"]
[EventRounds "9"]
[EventCountry "SVK"]
[SourceTitle "CB29_2025"]
[SourceDate "2025.07.16"]
[SourceVersion "1"]
[SourceVersionDate "2025.07.16"]
[SourceQuality "1"]

1. e4 c5 2. Nf3 d6 3. d4 cxd4 4. Nxd4 Nf6 5. Nc3 a6 6. Be2 e5 7. Nb3 Be7 8. Bg5 Be6 9. Bxf6 Bxf6 10. Qd3 Nc6 11. 0-0-0 Nd4 12. Nxd4 exd4 13. Nd5 Bxd5 14. exd5 0-0 15. Qf3 Re8 16. Bd3 Re5 17. Kb1 Qa5 18. g4 Rae8 19. h4 Qxd5 20. Qxd5 Rxd5 1/2-1/2

[Event "Ljubljana op"]
[Site "Ljubljana"]
[Date "2025.05.03"]
[Round "8"]
[White "Nayak, Rajesh"]
[Black "Asaka, Samuel"]
[Result "1-0"]
[WhiteElo "2277"]
[BlackElo "2187"]
[PlyCount "62"]
[EventDate "2025.04.28"]
[EventType "swiss"]
[EventRounds "9"]
[EventCountry "SLO"]
[SourceTitle "CB19_2025"]
[SourceDate "2025.05.07"]
[SourceVersion "1"]
[SourceVersionDate "2025.05.07"]
[SourceQuality "1"]

1. e4 c6 2. d4 d5 3. e5 Bf5 4. Nd2 e6 5. Nb3 Nd7 6. Nf3 Bg6 7. Be2 Nh6 8. 0-0 Be7 9. a4 a5 10. Ne1 0-0 11. Nd3 b6 12. Nf4 c5 13. Nxg6 hxg6 14. c3 cxd4 15. cxd4 Nb8 16. g4 Na6 17. f4 Nb4 18. Bd2 Rc8 19. Bc3 f5 20. g5 Nf7 21. h4 Bxg5 22. Bxb4 axb4 23. hxg5 Nxg5 24. fxg5 Qxg5+ 25. Kf2 Kf7 26. Qd3 Rh8 27. Rh1 Qf4+ 28. Qf3 Rh2+ 29. Rxh2 Qxh2+ 30. Ke3 Rc2 31. Rb1 Kg8 1-0

[Event "Reykjavik op"]
[Site "Reykjavik"]
[Date "2025.04.14"]
[Round "8"]
[White "Gorshtein, Ido"]
[Black "Nayak, Rajesh"]
[Result "1-0"]
[WhiteElo "2557"]
[BlackElo "2277"]
[PlyCount "71"]
[EventDate "2025.04.09"]
[EventType "swiss"]
[EventRounds "9"]
[EventCountry "ISL"]
[SourceTitle "CB17_2025"]
[SourceDate "2025.04.23"]
[SourceVersion "1"]
[SourceVersionDate "2025.04.23"]
[SourceQuality "1"]

1. d4 Nf6 2. c4 e6 3. Nf3 d5 4. g3 dxc4 5. Bg2 c6 6. a4 Bb4+ 7. Nc3 c5 8. 0-0 Nc6 9. dxc5 Qxd1 10. Nxd1 Ne4 11. Ne3 c3 12. Nc4 Bxc5 13. e3 Bb4 14. bxc3 Nxc3 15. a5 Rb8 16. Ba3 Bxa3 17. Rxa3 Nb5 18. Rb3 a6 19. Ng5 Bd7 20. Rd1 f6 21. Rbd3 fxg5 22. Rxd7 0-0 23. Bh3 Rf6 24. R1d3 Rc8 25. Rxb7 Nb4 26. Rdd7 h5 27. Rxg7+ Kf8 28. Rh7 Kg8 29. Bf1 Rc5 30. Rhg7+ Kf8 31. Rgd7 Kg8 32. Nd2 Rd5 33. Ne4 Rff5 34. Rb8+ Rf8 35. Nf6+ Kh8 36. Rh7# 1-0

[Event "Reykjavik op"]
[Site "Reykjavik"]
[Date "2025.04.12"]
[Round "5"]
[White "Nayak, Rajesh"]
[Black "Boissonnier, Kimo"]
[Result "1/2-1/2"]
[WhiteElo "2277"]
[BlackElo "2019"]
[PlyCount "112"]
[EventDate "2025.04.09"]
[EventType "swiss"]
[EventRounds "9"]
[EventCountry "ISL"]
[SourceTitle "CB17_2025"]
[SourceDate "2025.04.23"]
[SourceVersion "1"]
[SourceVersionDate "2025.04.23"]
[SourceQuality "1"]

1. d4 d5 2. Nc3 Bf5 3. Bf4 e6 4. e3 Bd6 5. Nf3 Bxf4 6. exf4 Bg4 7. h3 Bxf3 8. Qxf3 Ne7 9. 0-0-0 Qd6 10. Kb1 Nd7 11. Bd3 0-0-0 12. Rhe1 g6 13. Bf1 Kb8 14. Nb5 Qb6 15. Qa3 c5 16. Nc3 Qb4 17. Qxb4 cxb4 18. Ne2 Rc8 19. Nc1 Rc7 20. Nd3 Nc6 21. Ne5 Nf6 22. Bb5 Nd8 23. Bd3 Nc6 24. Bb5 Nd8 25. Nd3 a6 26. Ba4 b5 27. Bb3 a5 28. a3 bxa3 29. bxa3 a4 30. Ba2 Ne4 31. Kb2 Nc6 32. f3 Ng3 33. c3 Ka7 34. Rb1 Ka6 35. Nc5+ Ka5 36. Rbc1 Rhc8 37. Bb1 Nb8 38. Nd3 Nd7 39. Ba2 Nb6 40. Rc2 Nc4+ 41. Bxc4 bxc4 42. Nb4 Nh5 43. Rb1 Rb8 44. Kc1 Rb6 45. Rcb2 Nxf4 46. h4 Rcb7 47. g3 Nd3+ 48. Nxd3 cxd3 49. Rb4 Rxb4 50. cxb4+ Kb5 51. Kd2 Kc4 52. Rc1+ Kxd4 53. Rc3 e5 54. Rxd3+ Kc4 55. Rc3+ Kd4 56. Rd3+ Kc4 1/2-1/2

[Event "IND-chT 44th"]
[Site "Ahmedabad"]
[Date "2025.03.06"]
[Round "2.4"]
[White "Gavi, Siddayya"]
[Black "Nayak, Rajesh"]
[Result "1/2-1/2"]
[WhiteElo "1878"]
[BlackElo "2278"]
[PlyCount "115"]
[EventDate "2025.03.05"]
[EventType "team-swiss"]
[EventRounds "9"]
[EventCountry "IND"]
[SourceTitle "CB12_2025"]
[SourceDate "2025.03.19"]
[SourceVersion "1"]
[SourceVersionDate "2025.03.19"]
[SourceQuality "1"]
[WhiteTeam "Karnataka"]
[BlackTeam "Odisha"]
[WhiteTeamCountry "IND"]
[BlackTeamCountry "IND"]

1. e4 c5 2. Nf3 Nc6 3. d4 cxd4 4. Nxd4 Nf6 5. Nc3 d6 6. Bc4 Qb6 7. Nb3 e6 8. 0-0 a6 9. Re1 Be7 10. Bf4 0-0 11. Qd2 Rd8 12. Rad1 Qc7 13. Bf1 b5 14. a4 b4 15. Na2 e5 16. Bg5 Be6 17. Bxf6 Bxf6 18. Nxb4 Nxb4 19. Qxb4 Qxc2 20. Na5 Rdb8 21. Qxd6 Qxa4 22. Ra1 Qb4 23. Qxb4 Rxb4 24. b3 g6 25. Ra3 Kg7 26. g3 Be7 27. Raa1 Bc5 28. Kg2 Bd4 29. Ra3 Bc3 30. Re3 Bd2 31. Rd3 Bc1 32. Ra1 Rc8 33. Nc4 Bxc4 34. bxc4 Rbxc4 35. Rxa6 Rxe4 36. Ra7 Rd4 37. Rf3 Rf8 38. Rc7 e4 39. Rb3 Bd2 40. Rbb7 Rd6 41. Bc4 Rf6 42. Re7 e3 43. fxe3 Be1 44. e4 Rf2+ 45. Kh3 h5 46. Rb1 g5 47. g4 hxg4+ 48. Kxg4 Rf4+ 49. Kh3 Bd2 50. Rf1 Rh4+ 51. Kg2 Bf4 52. h3 Rh6 53. e5 Rc6 54. Bb3 Kg6 55. h4 Rc5 56. hxg5 Kxg5 57. Rxf7 Rxf7 58. Bxf7 1/2-1/2

[Event "Abu Dhabi op-A 30th"]
[Site "Abu Dhabi"]
[Date "2024.08.23"]
[Round "8"]
[White "Nayak, Rajesh"]
[Black "Akshit, Kumar J"]
[Result "1-0"]
[WhiteElo "2285"]
[BlackElo "2137"]
[PlyCount "167"]
[EventDate "2024.08.15"]
[EventType "swiss"]
[EventRounds "9"]
[EventCountry "UAE"]
[SourceTitle "EXT 2025"]
[Source "ChessBase"]
[SourceDate "2024.10.14"]
[SourceVersion "1"]
[SourceVersionDate "2024.10.14"]
[SourceQuality "1"]

1. e4 e5 2. Nf3 Nf6 3. Nc3 Nc6 4. Bb5 Bb4 5. 0-0 0-0 6. Bxc6 dxc6 7. d3 Bxc3 8. bxc3 Bg4 9. h3 Bxf3 10. Qxf3 Qd6 11. Qe3 Rfe8 12. Rb1 b6 13. f4 exf4 14. Qxf4 Qxf4 15. Bxf4 Rac8 16. g4 c5 17. c4 Nd7 18. Kg2 Nb8 19. Kg3 Nc6 20. Rf2 Re7 21. g5 Rd7 22. h4 Re8 23. h5 Re6 24. Kg4 Kf8 25. Rh1 Kg8 26. a3 Kf8 27. g6 hxg6 28. h6 gxh6 29. Rxh6 Ne5+ 30. Bxe5 Rxe5 31. Rxg6 Rd6 32. Rgf6 Rxf6 33. Rxf6 Ke7 34. Rh6 Kd7 35. Kf4 Re8 36. Kf5 Ke7 37. Ke5 Rd8 38. Rc6 Kd7 39. Rf6 Ke7 40. Rh6 Rd7 41. Rc6 Kd8 42. a4 a5 43. Kf6 Re7 44. e5 Re8 45. Kf5 Rh8 46. Rf6 Ke7 47. Rc6 Kd7 48. Rf6 Ke7 49. Ke4 Rd8 50. c3 Rh8 51. Kd5 Rd8+ 52. Ke4 Rh8 53. d4 Rh3 54. dxc5 bxc5 55. Ra6 Rxc3 56. Kd5 Kd7 57. Rxa5 Re3 58. Rxc5 Ra3 59. Ra5 Rd3+ 60. Ke4 Rc3 61. Kd4 Rc1 62. Rd5+ Kc6 63. Rc5+ Kb7 64. Rb5+ Kc6 65. Rb3 Ra1 66. Rf3 Rd1+ 67. Kc3 Re1 68. Rf5 Kb7 69. Kb4 Rb1+ 70. Kc5 Re1 71. a5 Re2 72. a6+ Kxa6 73. Kc6 Ka7 74. Kxc7 Ka6 75. c5 Kb5 76. c6 Ka6 77. Kd7 Rd2+ 78. Ke7 Kb6 79. Kxf7 Kxc6 80. e6 Rh2 81. e7 Rh7+ 82. Ke6 Rh6+ 83. Rf6 Rh8 84. Rf8 1-0

[Event "Abu Dhabi op-A 30th"]
[Site "Abu Dhabi"]
[Date "2024.08.17"]
[Round "3"]
[White "Sanket, Chakravarty"]
[Black "Nayak, Rajesh"]
[Result "1-0"]
[WhiteElo "2363"]
[BlackElo "2285"]
[PlyCount "47"]
[EventDate "2024.08.15"]
[EventType "swiss"]
[EventRounds "9"]
[EventCountry "UAE"]
[SourceTitle "EXT 2025"]
[Source "ChessBase"]
[SourceDate "2024.10.14"]
[SourceVersion "1"]
[SourceVersionDate "2024.10.14"]
[SourceQuality "1"]

1. Nf3 Nf6 2. c4 e6 3. g3 d5 4. Bg2 Be7 5. 0-0 0-0 6. b3 c5 7. cxd5 Nxd5 8. d4 Nc6 9. Bb2 b6 10. e4 Nc7 11. dxc5 Bxc5 12. Qc1 Qe7 13. a3 a5 14. Nbd2 Nb5 15. b4 Ncd4 16. Kh1 Nxf3 17. Nxf3 Bd6 18. e5 Bc7 19. a4 Na7 20. b5 Rd8 21. Ng5 Rb8 22. Qc2 g6 23. Ne4 f5 24. exf6 1-0

[Event "Purtichju op 9th"]
[Site "Porticcio"]
[Date "2024.07.02"]
[Round "5"]
[White "Nayak, Rajesh"]
[Black "Terrieux, Kevin"]
[Result "1-0"]
[WhiteElo "2185"]
[BlackElo "2408"]
[PlyCount "106"]
[EventDate "2024.06.29"]
[EventType "swiss"]
[EventRounds "9"]
[EventCountry "FRA"]
[SourceTitle "CBM 221 Extra"]
[Source "ChessBase"]
[SourceDate "2024.09.30"]
[SourceVersion "1"]
[SourceVersionDate "2024.09.30"]
[SourceQuality "1"]

1. e4 c5 2. Nf3 d6 3. d4 cxd4 4. Nxd4 Nf6 5. Nc3 Nc6 6. Bg5 e6 7. Qd2 Qb6 8. Nb3 a6 9. 0-0-0 Qc7 10. f4 b5 11. e5 dxe5 12. fxe5 Nd7 13. Ne4 Ncxe5 14. Nd4 Bb7 15. Qe2 Rc8 16. Kb1 Nc4 17. g3 Bxe4 18. Qxe4 Nc5 19. Qf3 Bd6 20. Bxc4 bxc4 21. Qe2 c3 22. Nf5 Be5 23. Be7 Qb7 24. b3 exf5 25. Qxe5 Qxe7 26. Qxg7 Rf8 27. Qxc3 Qe6 28. Rhe1 Ne4 29. Qb4 Rg8 30. c4 Qe7 31. Qa5 Rc5 32. Qxa6 Kf8 33. Qh6+ Rg7 34. g4 Re5 35. gxf5 f6 36. Kc2 Nd6 37. Rxe5 Qxe5 38. Rd5 Nxf5 39. Rxe5 Nxh6 40. Rh5 Ng4 41. a4 Ke7 42. a5 Kd6 43. Rd5+ Kc7 44. Kc3 Ne5 45. Rd4 Nc6 46. Rf4 Nxa5 47. Rxf6 Nc6 48. b4 Re7 49. b5 Ne5 50. h3 Nd7 51. Rh6 Kb7 52. Kb4 Nb6 53. c5 Re4+ 1-0

[Event "Teplice op 17th"]
[Site "Teplice"]
[Date "2024.06.23"]
[Round "9"]
[White "Finek, Vaclav"]
[Black "Nayak, Rajesh"]
[Result "1-0"]
[WhiteElo "2450"]
[BlackElo "2185"]
[PlyCount "99"]
[EventDate "2024.06.15"]
[EventType "swiss"]
[EventRounds "9"]
[EventCountry "CZE"]
[SourceTitle "CBM 220 Extra"]
[Source "ChessBase"]
[SourceDate "2024.07.31"]
[SourceVersion "1"]
[SourceVersionDate "2024.07.31"]
[SourceQuality "1"]

1. d4 Nf6 2. c4 g6 3. g3 Bg7 4. Bg2 0-0 5. Nf3 d6 6. Nc3 Nc6 7. 0-0 e5 8. dxe5 Nxe5 9. b3 Nxf3+ 10. Bxf3 Bh3 11. Re1 c6 12. Be3 Ng4 13. Bxg4 Bxg4 14. Bd4 f6 15. Qd2 Be6 16. Rad1 Qa5 17. Ne4 Qxd2 18. Rxd2 d5 19. Nc5 Bc8 20. cxd5 cxd5 21. Be3 b6 22. Na4 Be6 23. Nc3 Rfd8 24. Red1 Rd7 25. Nxd5 Rad8 26. Ne7+ Kf8 27. Nc6 Rxd2 28. Bxd2 Ra8 29. Bf4 Ke8 30. f3 Bf8 31. Bd6 Bd7 32. Bxf8 Bxc6 33. Rd6 Bxf3 34. exf3 Kxf8 35. Rxf6+ Ke7 36. Rc6 Kd7 37. Rc4 Re8 38. Kf2 Kd6 39. Rd4+ Kc6 40. f4 Re7 41. Kf3 Kc5 42. Rd2 Kb4 43. g4 Rf7 44. Rf2 Kc3 45. Ke4 Re7+ 46. Kd5 Kd3 47. f5 gxf5 48. gxf5 Ke3 49. f6 Rc7 50. Rf1 1-0

[Event "Titled Tuesday intern op 16th Apr Late"]
[Site "Chess.com INT"]
[Date "2024.04.16"]
[Round "9"]
[White "Bressy, Theo"]
[Black "Nayak, Rajesh"]
[Result "1-0"]
[WhiteElo "2195"]
[BlackElo "2136"]
[PlyCount "69"]
[EventDate "2024.04.16"]
[EventType "swiss (blitz)"]
[EventRounds "11"]
[EventCountry "USA"]
[SourceTitle "CBM 219 Extra"]
[Source "ChessBase"]
[SourceDate "2024.05.31"]
[SourceVersion "1"]
[SourceVersionDate "2024.05.31"]
[SourceQuality "1"]

1. e4 c5 2. a3 e5 3. Nc3 Nf6 4. Bc4 Be7 5. d3 0-0 6. Nf3 a6 7. Nxe5 b5 8. Bd5 Nxd5 9. Nxd5 Bb7 10. 0-0 Bxd5 11. exd5 d6 12. Nf3 Nd7 13. c4 Bf6 14. Rb1 a5 15. Qc2 a4 16. Re1 Nb6 17. Bf4 b4 18. Qd2 Qd7 19. axb4 cxb4 20. Qxb4 Nc8 21. Ra1 Qf5 22. Re4 g5 23. Bg3 g4 24. Nh4 Qh5 25. h3 gxh3 26. gxh3 Kh8 27. Rg4 a3 28. Rxa3 Rxa3 29. Qxa3 Rg8 30. Rxg8+ Kxg8 31. Qa8 Bxh4 32. Qxc8+ Kg7 33. Qg4+ Qxg4 34. hxg4 Bf6 35. Bxd6 1-0

[Event "Titled Tuesday intern op 16th Apr Late"]
[Site "Chess.com INT"]
[Date "2024.04.16"]
[Round "10"]
[White "Nayak, Rajesh"]
[Black "Shubenkova, Veronika"]
[Result "1-0"]
[WhiteElo "2136"]
[BlackElo "2113"]
[PlyCount "79"]
[EventDate "2024.04.16"]
[EventType "swiss (blitz)"]
[EventRounds "11"]
[EventCountry "USA"]
[SourceTitle "CBM 219 Extra"]
[Source "ChessBase"]
[SourceDate "2024.05.31"]
[SourceVersion "1"]
[SourceVersionDate "2024.05.31"]
[SourceQuality "1"]

1. d4 d5 2. c4 e6 3. Nc3 f5 4. Nf3 Nf6 5. Bf4 c6 6. e3 Bd6 7. Bxd6 Qxd6 8. c5 Qe7 9. Ne5 Nbd7 10. f4 Nxe5 11. fxe5 Ne4 12. Nxe4 fxe4 13. Qh5+ g6 14. Qh6 Bd7 15. Be2 Rf8 16. Kd2 0-0-0 17. Rhf1 b6 18. b4 a5 19. a3 axb4 20. axb4 Rxf1 21. Bxf1 Kb7 22. Ba6+ Kc7 23. Be2 Kb7 24. h4 b5 25. Qg5 Qe8 26. Qf6 Ra8 27. Rxa8 Qxa8 28. Qe7 Qa2+ 29. Ke1 Qb1+ 30. Kf2 Kc8 31. Qf8+ Kb7 32. Qd8 Bc8 33. Qb6+ Ka8 34. Qxc6+ Kb8 35. Qb6+ Ka8 36. Bxb5 Qb2+ 37. Kg3 Bb7 38. c6 Bc8 39. c7 Bb7 40. Bc6 1-0

[Event "Titled Tuesday intern op 16th Apr Late"]
[Site "Chess.com INT"]
[Date "2024.04.16"]
[Round "5"]
[White "Nayak, Rajesh"]
[Black "Trakru, Rohun"]
[Result "1-0"]
[WhiteElo "2136"]
[BlackElo "1969"]
[PlyCount "93"]
[EventDate "2024.04.16"]
[EventType "swiss (blitz)"]
[EventRounds "11"]
[EventCountry "USA"]
[SourceTitle "CBM 219 Extra"]
[Source "ChessBase"]
[SourceDate "2024.05.31"]
[SourceVersion "1"]
[SourceVersionDate "2024.05.31"]
[SourceQuality "1"]

1. d4 d5 2. c4 e6 3. Nc3 c5 4. Nf3 cxd4 5. Nxd4 e5 6. Nc2 d4 7. Nd5 Nf6 8. Bg5 Be6 9. e4 h6 10. Bxf6 gxf6 11. Bd3 Nc6 12. 0-0 Be7 13. f4 Qd6 14. f5 Bxd5 15. cxd5 Nb4 16. Bb5+ Kf8 17. Ne1 Qb6 18. Ba4 Rc8 19. a3 Na6 20. b4 Nc7 21. Rc1 Kg7 22. Nd3 Nb5 23. Qg4+ Kh7 24. Qh5 Kg7 25. Rce1 Nc3 26. Bb3 Bd6 27. Rf3 Kf8 28. Rg3 Ke7 29. Rg7 Rcf8 30. Nc5 Rhg8 31. Rxg8 Rxg8 32. Nd7 Qc7 33. Nc5 Qb6 34. Nd3 a5 35. Qxh6 axb4 36. axb4 Bxb4 37. Qh7 Rf8 38. Ba4 Bd6 39. g4 Nxa4 40. g5 Kd7 41. g6 Qb3 42. g7 Qxd3 43. gxf8Q Bxf8 44. Qxf7+ Be7 45. Qe6+ Kd8 46. d6 Qa3 47. Qxe7+ 1-0

[Event "Noisiel op 9th"]
[Site "Noisiel"]
[Date "2024.04.06"]
[Round "1"]
[White "Nayak, Rajesh"]
[Black "Tilicheev, Viacheslav"]
[Result "1-0"]
[WhiteElo "2136"]
[BlackElo "2485"]
[PlyCount "149"]
[EventDate "2024.04.06"]
[EventType "swiss"]
[EventRounds "9"]
[EventCountry "FRA"]
[SourceTitle "CBM 219 Extra"]
[Source "ChessBase"]
[SourceDate "2024.05.31"]
[SourceVersion "1"]
[SourceVersionDate "2024.05.31"]
[SourceQuality "1"]

1. e4 c5 2. Nf3 Nc6 3. d4 cxd4 4. Nxd4 Nf6 5. Nc3 h5 6. f3 e5 7. Ndb5 d6 8. Bg5 a6 9. Na3 Be6 10. Nc4 Rc8 11. Be3 Nb4 12. Nb6 Rc6 13. a3 Rxb6 14. Bxb6 Qxb6 15. axb4 Qxb4 16. Qd2 g6 17. Na4 d5 18. Qxb4 Bxb4+ 19. c3 Be7 20. Bd3 dxe4 21. fxe4 Bd7 22. Nb6 Bc6 23. Ra5 Bd8 24. Rxe5+ Kf8 25. Nc4 Nd7 26. Rd5 Bxd5 27. exd5 Nc5 28. Bc2 Kg7 29. Kf2 b5 30. b4 Nd7 31. Nd6 Bb6+ 32. Kf3 Rd8 33. c4 Ne5+ 34. Ke4 Ng4 35. c5 Bc7 36. Ra1 Bxd6 37. cxd6 Rxd6 38. Kd4 Kf8 39. Re1 Nf6 40. Be4 Nd7 41. Bf3 Rf6 42. Re4 Rb6 43. Re1 Rf6 44. Re4 Nb6 45. Re2 Rf4+ 46. Re4 Rf6 47. Re2 Nc4 48. Kc5 Nd6 49. Kc6 Ne8+ 50. Kc5 Rf4 51. Re4 Rf5 52. Re2 Rf6 53. Re1 Nd6 54. Kc6 Nc4+ 55. Kc7 Nd6 56. Kc6 Ne8+ 57. Kc5 Rf4 58. Re4 Rxe4 59. Bxe4 Ke7 60. Kb6 Nf6 61. Bf3 g5 62. Kxa6 g4 63. d6+ Kxd6 64. Bb7 Nd5 65. Kxb5 Ne3 66. Ka6 f5 67. b5 Kc5 68. g3 Kd6 69. Bc8 Kc7 70. Ka7 Nc4 71. Bxf5 Kd6 72. b6 Kd5 73. Bg6 Nxb6 74. Kxb6 h4 75. Bf5 1-0

[Event "Bangalore op-A 1st"]
[Site "Bangalore"]
[Date "2024.01.19"]
[Round "2"]
[White "Nayak, Rajesh"]
[Black "Viani, Antonio Dcunha"]
[Result "0-1"]
[WhiteElo "2170"]
[BlackElo "2407"]
[PlyCount "70"]
[EventDate "2024.01.18"]
[EventType "swiss"]
[EventRounds "10"]
[EventCountry "IND"]
[SourceTitle "CBM 218 Extra"]
[Source "ChessBase"]
[SourceDate "2024.03.31"]
[SourceVersion "1"]
[SourceVersionDate "2024.03.31"]
[SourceQuality "1"]

1. d4 Nf6 2. c4 e6 3. Nf3 d5 4. g3 dxc4 5. Bg2 a6 6. 0-0 Nc6 7. Bg5 Rb8 8. e4 Be7 9. Nc3 h6 10. Bf4 b5 11. d5 exd5 12. Nxd5 Nxd5 13. exd5 Nb4 14. Ne5 Bb7 15. Qg4 0-0 16. Bxh6 Bf6 17. Be4 Bxe5 18. Qf5 Re8 19. Qh7+ Kf8 20. Bd2 c5 21. Rfe1 f5 22. Bxf5 Qxd5 23. Be4 Qg8 24. Qh5 Bxe4 25. Rxe4 Nd3 26. Be3 Qf7 27. Qh8+ Ke7 28. Qh3 Kd6 29. Rd1 Qf3 30. Rxd3+ cxd3 31. Qh7 Re6 32. b4 c4 33. Bc5+ Kc6 34. Qh3 Rbe8 35. Re3 Qd5 0-1

[Event "Titled Tuesday intern op 02nd Jan Early"]
[Site "Chess.com INT"]
[Date "2024.01.02"]
[Round "4"]
[White "Nayak, Rajesh"]
[Black "Asylov, Miras"]
[Result "0-1"]
[WhiteElo "2170"]
[BlackElo "2288"]
[PlyCount "118"]
[EventDate "2024.01.02"]
[EventType "swiss (blitz)"]
[EventRounds "11"]
[EventCountry "USA"]
[SourceTitle "EXT 2025"]
[Source "ChessBase"]
[SourceDate "2024.10.14"]
[SourceVersion "1"]
[SourceVersionDate "2024.10.14"]
[SourceQuality "1"]

1. b3 a5 2. a4 d6 3. Bb2 Nd7 4. f4 Ngf6 5. Nf3 g6 6. g4 Bg7 7. g5 Nh5 8. Bxg7 Nxg7 9. e3 0-0 10. Qe2 e5 11. fxe5 dxe5 12. Nc3 Re8 13. h4 Nh5 14. Bh3 e4 15. Nh2 Ng3 16. Qg2 Nxh1 17. Ng4 f5 18. Nh6+ Kg7 19. Qxh1 Ne5 20. 0-0-0 Be6 21. Qh2 Nf3 22. Qf2 Qd6 23. d4 c6 24. Kb2 Rab8 25. Bg2 b5 26. Bxf3 exf3 27. Qxf3 Bd5 28. Qxf5 Rf8 29. Qh3 Bf3 30. Rd2 b4 31. Ne2 Bxe2 32. Rxe2 Rbe8 33. Ng4 c5 34. Rd2 Rf5 35. Nf6 Re7 36. e4 Qf4 37. exf5 Qxd2 38. Nh5+ gxh5 39. f6+ Kf7 40. fxe7 Qxd4+ 41. Ka2 Kxe7 42. Qf3 Qc3 43. Qxc3 bxc3 44. Kb1 Ke6 45. Kc1 Kf5 46. Kd1 Kg4 47. Ke2 Kxh4 48. Kd3 Kxg5 49. Kxc3 h4 50. Kc4 h3 51. Kxc5 h2 52. Kb5 h1Q 53. c4 Qb7+ 54. Kxa5 Qxb3 55. c5 Kf6 56. c6 Ke7 57. Ka6 Kd6 58. a5 Kxc6 59. Ka7 Qb7# 0-1

[Event "Titled Tuesday intern op 02nd Jan Early"]
[Site "Chess.com INT"]
[Date "2024.01.02"]
[Round "8"]
[White "Nayak, Rajesh"]
[Black "Bold, Andre"]
[Result "1-0"]
[WhiteElo "2170"]
[BlackElo "2194"]
[PlyCount "119"]
[EventDate "2024.01.02"]
[EventType "swiss (blitz)"]
[EventRounds "11"]
[EventCountry "USA"]
[SourceTitle "EXT 2025"]
[Source "ChessBase"]
[SourceDate "2024.10.14"]
[SourceVersion "1"]
[SourceVersionDate "2024.10.14"]
[SourceQuality "1"]

1. b3 d5 2. Bb2 Nf6 3. f4 c5 4. Nf3 Nc6 5. e3 g6 6. Bb5 Bd7 7. 0-0 Bg7 8. d3 0-0 9. Bxc6 Bxc6 10. Ne5 Rc8 11. Nd2 Be8 12. Ndf3 Nd7 13. c4 f6 14. Ng4 Bf7 15. cxd5 Bxd5 16. e4 Bc6 17. f5 Nb6 18. Rc1 Qd6 19. Ne3 Nd7 20. Nc4 Qb8 21. a4 b6 22. Qd2 a6 23. Nh4 g5 24. Nf3 b5 25. axb5 axb5 26. Ne3 h5 27. g4 hxg4 28. Nxg4 Rf7 29. Kg2 Bf8 30. h4 gxh4 31. Nxh4 Rg7 32. Ng6 Kf7 33. Rh1 c4 34. bxc4 bxc4 35. Rxc4 Ba8 36. Rxc8 Qxc8 37. Rh8 Rg8 38. Rxg8 Kxg8 39. Bd4 Kf7 40. Kf3 Qa6 41. Nf4 Qb5 42. Qh2 Ke8 43. Qh5+ Kd8 44. Ne6+ Kc8 45. Qe8+ Kb7 46. Nc5+ Kc7 47. Qxa8 Nxc5 48. Bxc5 Qxd3+ 49. Be3 Qf1+ 50. Nf2 Bh6 51. Qa7+ Kd8 52. Bxh6 Qb1 53. Qe3 Ke8 54. Bf4 Kf7 55. Qe2 Ke8 56. Kg3 Kf7 57. Qh5+ Kf8 58. Bh6+ Kg8 59. Qg6+ Kh8 60. Qg7# 1-0

[Event "Titled Tuesday intern op 02nd Jan Early"]
[Site "Chess.com INT"]
[Date "2024.01.02"]
[Round "7"]
[White "Nayak, Rajesh"]
[Black "Subramanian, Anusha"]
[Result "1-0"]
[WhiteElo "2170"]
[BlackElo "2013"]
[PlyCount "81"]
[EventDate "2024.01.02"]
[EventType "swiss (blitz)"]
[EventRounds "11"]
[EventCountry "USA"]
[SourceTitle "EXT 2025"]
[Source "ChessBase"]
[SourceDate "2024.10.14"]
[SourceVersion "1"]
[SourceVersionDate "2024.10.14"]
[SourceQuality "1"]

1. b3 e5 2. Bb2 Nc6 3. e3 d5 4. Bb5 Bd6 5. Nf3 f6 6. 0-0 Nge7 7. d3 0-0 8. Nbd2 Bg4 9. h3 Bh5 10. Qe1 a6 11. Bxc6 Nxc6 12. e4 d4 13. Nh2 Nb4 14. Rc1 c5 15. a3 Nc6 16. Nc4 b5 17. Nxd6 Qxd6 18. Rb1 Rac8 19. Bc1 Bf7 20. f4 c4 21. bxc4 bxc4 22. Rb6 Qc5 23. Rb7 Na5 24. Rb2 cxd3 25. cxd3 Nb3 26. Rb1 Nxc1 27. Qxc1 Qa5 28. Qb2 Rc3 29. fxe5 fxe5 30. Rf3 Qxa3 31. Qf2 Qe7 32. Rf1 Rcc8 33. Ng4 Rc5 34. Qg3 Qe6 35. Rf5 a5 36. Nxe5 Rc7 37. Ng4 a4 38. Qxc7 a3 39. Rxf7 Rxf7 40. Qd8+ Rf8 41. Qxf8# 1-0